| 000 | 00475nam a22001457a 4500 | ||
|---|---|---|---|
| 005 | 20150226113312.0 | ||
| 008 | 150226b xxu||||| |||| 00| 0 eng d | ||
| 040 | _cPK-LaUMT | ||
| 082 |
_aKHC 954.918 _bMOO-S |
||
| 100 | _aموسی، محمد | ||
| 245 |
_aسندھ، ماضی، حال اور مستقبل _bشضصیتوں کے آئینے میں _cمحمد موسی |
||
| 260 |
_aحیدرآباد _bسندھ نیشنل اکیڈمی _c1989 |
||
| 300 | _a288 ص | ||
| 942 | _cBK | ||
| 999 |
_c66587 _d66587 |
||